• 首页
  • 本馆介绍
  • 公告通知
  • 最新文献
  • 馆藏检索
  • 电子资源
  • 读者导购
  • 参考咨询
  • 我的图书馆
  • 登录
  • 详细信息显示
  • 放入我的书架
  • 预约/预借图书
  • 作者相关作品
  • 分类相关作品
  • 丛书相关作品
  • 出版社相关作品

书目信息

  • 表格格式
  • 工作单格式
  • 卡片格式
题名:
临床元素化学
    
 
作者: 祁嘉义 主编
分册:  
出版信息: 北京   化学工业出版社  2000
页数: 235
开本: 20cm
丛书名:
单 册:
中图分类: R362
科图分类:
主题词: 病理学
电子资源:
ISBN: 7-5025-2768-0
000 00515nam0 2200181 450
001 0754114953
005 20070929150154.95
010    @a7-5025-2768-0@dCNY20.00
100    @a20070929d km y0chiy0120 ea
101 0  @achi
200 1  @a临床元素化学@Alin chuang yuan su hua xue@f祁嘉义 主编@Fqi jia yi zhu bian
210    @a北京@c化学工业出版社@d2000
215    @a235@c插图@d20cm
606 0  @a病理学
690    @aR362@v3
701  0 @a祁嘉义@Aqi jia yi@4主编
801  0 @aCN@bPFT@c20070929
905    @a213230@dR362@eh24@f1
    
    临床元素化学/祁嘉义 主编.-北京:化学工业出版社,2000
    235:插图;20cm
    
    
    ISBN 7-5025-2768-0:CNY20.00
    
●
相关链接 在E读中查询图书 在五车中查询图书 在当当中查询图书 在豆瓣中查询图书


正题名:临床元素化学     索取号:R362/h24         预约/预借

序号 登录号 条形码 馆藏地/架位号 状态 备注
1 6000937   260009378   密集书库-化学系/ [索取号:R362/h24] 在馆    
唐山师范学院图书馆 欢迎您!
大连网信软件有限公司© 版权所有